00440nam a2200121Ia 4500008004100000245010800041260002400149260000900173300000800182650002300190650001200213856009300225170516s9999 xx 000 0 und d aSignificance of CT scan and color Doppler duplex ultrasound in the assessment of Abernethy malformation bBMC Medical Imaging c2015 a15: xMedical Technology xMedtech uhttp://bmcmedimaging.biomedcentral.com/articles?query=&volume=15&searchType=&tab=keyword